[Event "VIII TchRUS W"]
[Site "Sochi"]
[Date "2007.05.09"]
[Round "9"]
[White "Bystryakova, Elena V."]
[Black "Airapetian, Tatevik"]
[Result "1-0"]
[WhiteElo "2189"]
[BlackElo "2234"]
[Annotator ""]
[Source ""]
[Remark ""]

1.d4 Nf6 2.Nf3 g6 3.c4 Bg7 4.Nc3 O-O 5.e4 d6 6.Be2 e5 7.Be3 exd4
8.Nxd4 c6 9.f3 Re8 10.Bf2 d5 11.exd5 cxd5 12.c5 Nh5 13.Qd2 Be5
14.g3 Bh3 15.O-O-O Nc6 16.f4 Bxd4 17.Bxd4 Nxd4 18.Qxd4 Nf6 19.Bb5
Re6 20.Rhe1 Rc8 21.Re5 Bg2 22.Bc4 Qe7 23.Bb3 Rxc5 24.Kb1 b6 25.a3
Qd6 26.Rde1 Nd7 27.R5e2 Bf3 28.Re3 Ra5 29.Qd2 Nc5 30.Bxd5 Nb3
31.Qd3 Bxd5 32.Rd1 Rxe3 33.Qxe3 Be4+ 34.Ka2 Qe6 35.Qxe4 Nc5+
36.Qxe6 Nxe6 37.b4 Rh5 38.h4 h6 39.Ne4 Kg7 40.Rd7 g5 41.hxg5
hxg5 42.f5 Nf8 43.Rxa7 Rh6 44.Nxg5 Rf6 45.g4 Nh7 46.Ne4 Rc6 47.g5 1-0

[Event "VIII TchRUS W"]
[Site "Sochi"]
[Date "2007.05.09"]
[Round "9"]
[White "Meshcheriakova, Evgenia"]
[Black "Gromova, Iulia"]
[Result "1/2-1/2"]
[WhiteElo "2309"]
[BlackElo "2252"]
[Annotator ""]
[Source ""]
[Remark ""]

1.e4 c6 2.c4 d5 3.cxd5 cxd5 4.exd5 Nf6 5.Nc3 Nxd5 6.Bc4 Nb6 7.Bb3
Nc6 8.d4 Nxd4 9.Be3 Nxb3 10.Qxb3 e6 11.Rd1 Nd7 12.Nf3 Be7 13.O-O
O-O 14.Nb5 a6 15.Na7 Qc7 16.Bf4 Qxf4 17.Nxc8 Raxc8 18.Rxd7 Bf6
19.Rxb7 Rb8 20.Rd1 Rxb7 21.Qxb7 Qa4 22.Ra1 Qb5 23.Qxb5 axb5 24.Rb1
Ra8 25.a3 Kf8 26.Kf1 h5 27.Ke2 g5 28.h3 Ke7 29.Ne1 g4 30.Nd3
Rc8 31.Ne1 Bd4 32.hxg4 hxg4 33.b3 f5 34.f3 gxf3+ 35.gxf3 e5 36.Kd2
Kd6 37.Nc2 Bc5 38.Rh1 Rg8 39.Rh6+ Kd5 40.Ne3+ Bxe3+ 41.Kxe3 Rc8
42.Kd3 e4+ 43.fxe4+ fxe4+ 44.Kd2 Kd4 1/2-1/2

[Event "VIII TchRUS W"]
[Site "Sochi"]
[Date "2007.05.09"]
[Round "9"]
[White "Kuzevanova, Evgenia"]
[Black "Melnikova, Yana"]
[Result "0-1"]
[WhiteElo "2176"]
[BlackElo "2305"]
[Annotator ""]
[Source ""]
[Remark ""]

1.e4 c5 2.Nf3 Nc6 3.Bb5 d6 4.d4 cxd4 5.Qxd4 Bd7 6.Bxc6 Bxc6 7.Nc3
Nf6 8.Bg5 e6 9.O-O-O Be7 10.Rhe1 O-O 11.Kb1 a6 12.Qd2 Rc8 13.Nd4
b5 14.Nxc6 Rxc6 15.f3 b4 16.Bxf6 Bxf6 17.Ne2 a5 18.Nd4 Rc4 19.Ne2
Qc8 20.g4 Rd8 21.g5 Be7 22.Nd4 a4 23.f4 d5 24.b3 Rc3 25.e5 Bc5
26.Nb5 Rf3 27.Rf1 Rxf1 28.Rxf1 d4 29.Qd3 Qa6 30.Kc1 axb3 31.axb3
Qc6 32.Rd1 Rd5 33.Qc4 Qd7 34.Kb2 g6 35.h4 Bf8 36.Nd6 Bxd6 37.exd6
Qxd6 38.h5 gxh5 39.Rd3 h4 40.Qc8+ Kg7 41.Qc4 Qxf4 42.Qxb4 Qxg5
43.Rf3 Qe5 44.Rd3 h3 45.Qe7 Rc5 46.Qh4 Rc3 47.Rxd4 Rg3 48.Ka2
Qg5 49.Qxg5+ Rxg5 50.Rh4 Rg2 51.Kb2 h2 52.b4 Kg6 53.b5 Rg5 54.Rxh2
Rxb5+ 55.Kc3 h5 56.Kd4 Rd5+ 57.Ke3 f5 58.c4 Re5+ 59.Kd4 Re4+
60.Kd3 e5 0-1

[Event "VIII TchRUS W"]
[Site "Sochi"]
[Date "2007.05.09"]
[Round "9"]
[White "Bronnikova, Elizaveta"]
[Black "Ovod, Evgenija"]
[Result "0-1"]
[WhiteElo "2287"]
[BlackElo "2384"]
[Annotator ""]
[Source ""]
[Remark ""]

1.e4 e6 2.d4 d5 3.Nd2 c5 4.exd5 Qxd5 5.Ngf3 cxd4 6.Bc4 Qd6 7.O-O
Nf6 8.Nb3 Nc6 9.Nbxd4 Nxd4 10.Nxd4 a6 11.c3 Qc7 12.Bb3 Bd6 13.h3
O-O 14.Bg5 Ne4 15.Be3 e5 16.Nf3 Bd7 17.Re1 Bc6 18.Bd5 Rad8 19.Bxc6
Qxc6 20.Qb3 Bc7 21.Rad1 h6 22.Nh4 Rfe8 23.Nf5 Nd6 24.Nxd6 Rxd6
25.Rxd6 Bxd6 26.Rd1 Kf8 27.Rd5 b5 28.Qd1 Re6 29.a4 bxa4 30.Ra5
Rg6 31.g3 Ke7 32.Rxa4 f5 33.Kh2 f4 34.Bc1 fxg3+ 35.fxg3 e4 36.Qd4
Bxg3+ 37.Kh1 Kf7 38.Be3 Bf2 39.Ra1 Qe6 40.Qa7+ Kg8 0-1

[Event "VIII TchRUS W"]
[Site "Sochi"]
[Date "2007.05.09"]
[Round "9"]
[White "Sirotkina, Nina"]
[Black "Komiagina, Maria"]
[Result "1-0"]
[WhiteElo "2275"]
[BlackElo "2288"]
[Annotator ""]
[Source ""]
[Remark ""]

1.d4 Nf6 2.Nf3 e6 3.g3 d5 4.Bg2 Be7 5.c4 O-O 6.Qc2 c6 7.Nbd2
dxc4 8.Nxc4 c5 9.dxc5 Bxc5 10.O-O Nbd7 11.a3 a5 12.Bd2 a4 13.Rac1
h6 14.Nfe5 Ra6 15.Nd3 Be7 16.Nb4 Ra8 17.Rfd1 Re8 18.Bf4 Nh5 19.Bd6
Rf8 20.Qd3 Nhf6 21.Bxe7 Qxe7 22.Nd6 Rd8 23.Rc7 Qf8 24.Qc2 Nb6
25.Rxf7 Qxf7 26.Nxf7 Rxd1+ 27.Qxd1 Kxf7 28.Qd6 Nbd7 29.Bh3 Nf8
30.Nd3 Nd5 31.Nc5 Nf6 32.Qc7+ Kg8 33.Nxa4 Nd5 34.Qd8 b5 35.Bxe6+
Bxe6 36.Qxa8 bxa4 37.Qxa4 Nd7 38.Qc6 Kf7 39.a4 1-0

[Event "VIII TchRUS W"]
[Site "Sochi"]
[Date "2007.05.09"]
[Round "9"]
[White "Bannikova, Anastasia"]
[Black "Lupik, Marina"]
[Result "0-1"]
[WhiteElo "2185"]
[BlackElo "2215"]
[Annotator ""]
[Source ""]
[Remark ""]

1.e4 c5 2.c3 Nf6 3.e5 Nd5 4.d4 Nc6 5.Nf3 e6 6.c4 Nc7 7.d5 exd5
8.cxd5 Nb4 9.Bg5 f6 10.Bh4 d6 11.e6 Nbxd5 12.Bb5+ Nxb5 13.Qxd5
Nc7 14.Qb3 Bxe6 15.Qe3 Be7 16.O-O O-O 17.Bg3 Bf7 18.Nbd2 Re8
19.Nh4 Qd7 20.Qd3 Bf8 21.Rac1 Rad8 22.Rfd1 Ne6 23.Nf5 Bg6 24.Nf3
d5 25.N3h4 Nd4 26.Nxg6 Ne2+ 27.Kf1 hxg6 28.Rc2 Qxf5 29.Rxe2 Qxd3
30.Rxd3 Rxe2 31.Kxe2 c4 32.Rd1 Kf7 33.Kd2 Bb4+ 34.Kc2 d4 35.Bc7
d3+ 36.Kc1 Re8 37.b3 Ba3+ 38.Kd2 Re2+ 39.Kc3 Rc2+ 40.Kd4 cxb3 0-1

[Event "VIII TchRUS W"]
[Site "Sochi"]
[Date "2007.05.09"]
[Round "9"]
[White "Akatova, Ekaterina"]
[Black "Deriabina, Svetlana"]
[Result "1-0"]
[WhiteElo "2204"]
[BlackElo "2133"]
[Annotator ""]
[Source ""]
[Remark ""]

1.e4 e5 2.Nf3 Nc6 3.Bb5 a6 4.Ba4 Nf6 5.Qe2 b5 6.Bb3 Be7 7.c3
O-O 8.d3 d5 9.Nbd2 Re8 10.Nf1 Be6 11.h3 Qd6 12.g4 Na5 13.Bc2
dxe4 14.dxe4 Bc4 15.Qe3 Bxf1 16.Kxf1 c5 17.Qe2 c4 18.g5 Nd7 19.h4
Nc5 20.Be3 Nab7 21.Rd1 Qe6 22.Rd5 Bd6 23.h5 Rad8 24.g6 h6 25.gxf7+
Qxf7 26.Nh4 Bf8 27.Rxd8 Rxd8 28.Rg1 Kh7 29.Qg4 Nd3 30.Rg3 Rd6
31.Ng6 Nbc5 32.Bxc5 Nxc5 33.Nxe5 Qe6 34.Qf4 Qf6 35.Qxf6 gxf6
36.Ng4 Nd3 37.e5 fxe5 38.Nxe5 Bg7 39.Bxd3+ cxd3 40.Nxd3 Rd5 41.Rh3
a5 42.Ke2 Kg8 43.Ke3 Kf7 44.Ke4 Rd8 45.Rf3+ Ke6 46.Nf4+ Ke7 47.Nd5+
Kd6 48.Ne3 Re8+ 49.Kd3 Rf8 50.Rxf8 Bxf8 51.Ke4 Ke6 52.f4 b4 53.c4
a4 54.b3 a3 55.Ng4 Bg7 56.f5+ Kf7 57.f6 Bxf6 58.Nxf6 Kxf6 59.Kd5 1-0

[Event "VIII TchRUS W"]
[Site "Sochi"]
[Date "2007.05.09"]
[Round "9"]
[White "Manakova, Irina"]
[Black "Fominykh, Maria"]
[Result "0-1"]
[WhiteElo "2244"]
[BlackElo "2306"]
[Annotator ""]
[Source ""]
[Remark ""]

1.e4 d6 2.d4 Nf6 3.Nc3 g6 4.Nf3 Bg7 5.Be2 O-O 6.h3 c6 7.a4 e5
8.Be3 Qe7 9.Bd3 exd4 10.Nxd4 Nbd7 11.Nde2 Nc5 12.Ng3 d5 13.exd5
Nxd5 14.Nxd5 cxd5 15.Be2 Bxb2 16.Qxd5 Bc3+ 17.Kf1 Bxa1 18.Bxc5
Rd8 19.Qc4 Qc7 20.Be3 Rd1+ 0-1

[Event "VIII TchRUS W"]
[Site "Sochi"]
[Date "2007.05.09"]
[Round "9"]
[White "Iljushina, Olga"]
[Black "Kharashuta, Ekaterina"]
[Result "1-0"]
[WhiteElo "2281"]
[BlackElo "2218"]
[Annotator ""]
[Source ""]
[Remark ""]

1.d4 d6 2.Nf3 Nf6 3.c4 Nbd7 4.g3 e5 5.Nc3 c6 6.Bg2 e4 7.Ng5 d5
8.O-O h6 9.Nh3 Be7 10.cxd5 cxd5 11.f3 exf3 12.Bxf3 Nb6 13.Nf4
g5 14.Nd3 O-O 15.Ne5 Be6 16.Qd3 Kg7 17.b3 Nbd7 18.Bb2 a6 19.Nd1
Ne8 20.Ne3 Ndf6 21.Nf5+ Bxf5 22.Qxf5 Nd6 23.Qh3 Qc8 24.Qxc8 Raxc8
25.Rac1 Rxc1 26.Rxc1 Rc8 27.Rc5 Rxc5 28.dxc5 Nde4 29.c6 bxc6
30.Nxc6 Bc5+ 31.Kg2 Bd6 32.b4 Kf8 33.e3 Ke8 34.a3 Kd7 35.Nd4
Kc7 36.Be2 Kb6 37.Nb3 Bc7 38.Na5 Ka7 39.Nc6+ Kb7 40.Ne5 Bxe5
41.Bxe5 Ne8 42.a4 N8d6 43.Kf3 h5 44.h4 gxh4 45.gxh4 Nf5 46.Kf4
Nxh4 47.Bxh5 Ng2+ 48.Kf3 Ne1+ 49.Ke2 Nc2 50.b5 axb5 51.Bxf7 Nb4
52.axb5 Kb6 53.Be8 Kc5 54.Bd4+ Kd6 55.b6 Na6 56.Bg7 Ke7 57.Bb5
Nac5 58.Bc6 Ng3+ 59.Kf3 Nf5 60.Bc3 Kd6 61.Bb5 Nh4+ 62.Kf2 Nb7
63.Bb4+ Ke6 64.Ba6 Nd8 65.b7 Nc6 66.Bb5 Nb8 67.Bc5 1-0

[Event "VIII TchRUS W"]
[Site "Sochi"]
[Date "2007.05.09"]
[Round "9"]
[White "Tarasova, Viktoriya"]
[Black "Ivanova, Yulija"]
[Result "1-0"]
[WhiteElo "2239"]
[BlackElo "2155"]
[Annotator ""]
[Source ""]
[Remark ""]

1.d4 Nf6 2.Nf3 e6 3.e3 d5 4.Bd3 Nbd7 5.O-O b6 6.c4 dxc4 7.Bxc4
Bb7 8.Nc3 c6 9.e4 b5 10.Bd3 b4 11.Na4 c5 12.e5 Nd5 13.dxc5 Qa5
14.a3 Bxc5 15.Bg5 h6 16.Bd2 Be7 17.Qb3 O-O 18.Rfe1 Nc5 19.Nxc5
Bxc5 20.Qc4 Qb6 21.Rf1 Rfd8 22.Ne1 Bd4 23.axb4 Rdc8 24.Qb3 Bxe5
25.Be4 Qd4 26.Qd3 Qxb2 27.Nf3 Bc7 28.Nd4 Bb6 29.Nb5 Qe5 30.Rae1
Qb8 31.Na3 Rd8 32.Qb1 Qd6 33.Nc4 Qd7 34.Ne5 Qe7 35.Bh7+ Kh8 36.Bg6
Rf8 37.Bxf7 Rxf7 38.Ng6+ Kg8 39.Nxe7+ Rxe7 40.Re5 Rf8 41.b5 Rf6
42.Re2 Ref7 43.Qe1 Rg6 44.g3 Rff6 45.Be3 Nxe3 46.fxe3 Rxf1+ 47.Qxf1
Rf6 48.Qe1 Rf3 49.Qc3 Bd5 50.Re1 Kh8 51.Qe5 Kg8 52.h4 h5 53.Re2
g6 54.Kh2 Rf1 55.e4 Bc4 56.Rc2 Rf2+ 57.Rxf2 Bxf2 58.Qb8+ Kg7
59.Qc7+ 1-0

[Event "VIII TchRUS W"]
[Site "Sochi"]
[Date "2007.05.09"]
[Round "9"]
[White "Novikova, Anna"]
[Black "Ushenina, Anna"]
[Result "0-1"]
[WhiteElo "2272"]
[BlackElo "2475"]
[Annotator ""]
[Source ""]
[Remark ""]

1.Nf3 Nf6 2.c4 g6 3.b3 Bg7 4.Bb2 O-O 5.d4 c5 6.e3 cxd4 7.exd4
d5 8.Be2 b6 9.O-O Bb7 10.Re1 Nc6 11.Nc3 dxc4 12.bxc4 Rc8 13.Rc1
Na5 14.Ne5 Nd7 15.Bg4 f5 16.Bf3 Nxe5 17.Bxb7 Nxb7 18.dxe5 Qxd1
19.Rcxd1 Rxc4 20.Nd5 Re8 21.f4 Nc5 22.g3 Bf8 23.Ba3 Rc8 24.e6
Rc6 25.Re3 Nxe6 26.Nxe7+ Bxe7 27.Bxe7 Rc1 28.Red3 Rxd1+ 29.Rxd1
Rc2 30.a3 Kf7 31.Bd6 Rc8 32.Bb4 Rd8 33.Rc1 Rd3 34.Rc6 Rd7 35.Kf2
Nd4 36.Rc8 Ke6 37.Ke3 Kd5 38.Kd3 Nf3 39.h3 Nd4 40.g4 Ne6 41.gxf5
gxf5 42.Ke3 Rc7 43.Rh8 a5 44.Bd2 Rg7 45.Kf2 Nc5 46.Kf3 Ne4 47.Be1
Rg1 48.Bh4 Ra1 49.Be7 Nc5 50.Rxh7 Rxa3+ 51.Ke2 Ke4 52.Bxc5 Ra2+
53.Kd1 bxc5 54.Rc7 Kd3 55.Rd7+ Ke3 56.Rd5 Ra1+ 57.Kc2 Kxf4 58.Rxc5
Ra3 59.h4 Kg4 60.h5 a4 61.h6 Rh3 62.Rc4+ f4 63.Rxa4 Rxh6 64.Kd2
Re6 65.Ra3 f3 66.Ra8 Kg3 67.Rg8+ Kh2 68.Rh8+ Kg2 69.Rg8+ Kf1
70.Rf8 f2 71.Rg8 Re5 72.Rg7 Re2+ 73.Kd1 Re4 74.Kd2 Rd4+ 75.Kc3
Rd5 76.Kc2 Ke2 77.Re7+ Kf3 78.Rf7+ Kg3 79.Kc1 Rd4 0-1

[Event "VIII TchRUS W"]
[Site "Sochi"]
[Date "2007.05.10"]
[Round "10"]
[White "Galliamova, Alisa"]
[Black "Shadrina, Tatiana"]
[Result "1-0"]
[WhiteElo "2477"]
[BlackElo "2378"]
[Annotator ""]
[Source ""]
[Remark ""]

1.d4 d5 2.c4 c6 3.Nf3 Nf6 4.e3 Bf5 5.Nc3 e6 6.Nh4 Be4 7.f3 Bg6
8.Qb3 Qc7 9.Bd2 Nbd7 10.g3 Be7 11.Rc1 Nb6 12.cxd5 exd5 13.Nxg6
hxg6 14.Bd3 Qd7 15.Ne2 g5 16.e4 dxe4 17.fxe4 Qh3 18.Bxg5 Qg2
19.Rg1 Qxh2 20.a4 O-O 21.a5 Nbd7 22.e5 Rae8 23.Rf1 Ng4 24.Bd2
Ndxe5 25.dxe5 Nxe5 26.Be4 Ng4 27.Qf3 f5 28.Bxf5 Ne5 29.Qh1 Qxh1
30.Be6+ Nf7 31.Rxh1 Bd6 32.Bb3 Bxg3+ 33.Kd1 Be5 34.Bb4 Rd8+ 35.Kc2
Bd6 36.Bxd6 Rxd6 37.Rcf1 Rf6 38.Nf4 g6 39.Ne6 1-0

[Event "VIII TchRUS W"]
[Site "Sochi"]
[Date "2007.05.10"]
[Round "10"]
[White "Shen, Yang"]
[Black "Zaiatz, Elena"]
[Result "1/2-1/2"]
[WhiteElo "2440"]
[BlackElo "2387"]
[Annotator ""]
[Source ""]
[Remark ""]

1.d4 Nf6 2.Nf3 e6 3.c4 Bb4+ 4.Bd2 a5 5.g3 b6 6.Bg2 Bb7 7.O-O
O-O 8.Bg5 Be7 9.Qc2 Be4 10.Qc1 Bb7 11.Nc3 Ne4 12.Nxe4 Bxe4 13.Bxe7
Qxe7 14.Qf4 d5 15.cxd5 exd5 16.Rac1 c5 17.dxc5 bxc5 18.Qe3 Qb7
19.Qxc5 Qxb2 20.Nd4 Bxg2 21.Kxg2 Qxa2 22.Nf5 Na6 23.Qd4 f6 24.Qg4
g6 25.Rc6 Qd2 26.Rb1 Nb4 27.Rc7 Qg5 28.Qh3 Qh5 29.Qxh5 gxh5 30.Rbc1
Kh8 31.Kh3 a4 32.Kh4 a3 33.Rb7 Rfb8 34.Rd7 Rd8 35.Rb7 Rdb8 36.Rd7
Rd8 37.Rb7 Rdb8 1/2-1/2

[Event "VIII TchRUS W"]
[Site "Sochi"]
[Date "2007.05.10"]
[Round "10"]
[White "Gaponenko, Inna"]
[Black "Ruan, Lufei"]
[Result "1/2-1/2"]
[WhiteElo "2451"]
[BlackElo "2370"]
[Annotator ""]
[Source ""]
[Remark ""]

1.e4 e5 2.Nf3 Nc6 3.Bb5 Nf6 4.O-O Nxe4 5.d4 Nd6 6.Bxc6 dxc6 7.dxe5
Nf5 8.Qxd8+ Kxd8 9.Nc3 Bd7 10.h3 h6 11.Bf4 Kc8 12.Rad1 Be7 13.g4
Nh4 14.Nxh4 Bxh4 15.Ne4 b6 16.Bg3 Be7 17.f4 h5 18.f5 hxg4 19.hxg4
c5 20.c4 Bc6 21.f6 gxf6 22.exf6 Bf8 23.Rfe1 Kb7 24.Ng5 Rh1+ 25.Kf2
Rh6 26.Be5 Be8 27.Nf3 Bc6 28.Ng5 Be8 1/2-1/2

[Event "VIII TchRUS W"]
[Site "Sochi"]
[Date "2007.05.10"]
[Round "10"]
[White "Nebolsina, Vera"]
[Black "Chistiakova, Tamara"]
[Result "0-1"]
[WhiteElo "2297"]
[BlackElo "2337"]
[Annotator ""]
[Source ""]
[Remark ""]

1.e4 c5 2.Nc3 Nc6 3.Nf3 d6 4.d4 cxd4 5.Nxd4 Nf6 6.Bg5 Bd7 7.Qd2
Rc8 8.O-O-O Qa5 9.Nb3 Qc7 10.Bxf6 gxf6 11.Nd5 Qd8 12.f4 h5 13.Be2
a5 14.Qe3 Nb4 15.Nxb4 axb4 16.Kb1 Qc7 17.Rc1 Qc6 18.c3 f5 19.exf5
Bxf5+ 20.Ka1 Ra8 21.Na5 b3 22.c4 Rxa5 23.Qxb3 Bg7 24.Bf3 Qa4
25.Qxa4+ Rxa4 26.Rhe1 O-O 0-1

[Event "VIII TchRUS W"]
[Site "Sochi"]
[Date "2007.05.10"]
[Round "10"]
[White "Stefanova, Antoaneta"]
[Black "Mongontuul, Bathuyag"]
[Result "0-1"]
[WhiteElo "2492"]
[BlackElo "2388"]
[Annotator ""]
[Source ""]
[Remark ""]

1.d4 Nf6 2.Bg5 c5 3.d5 Qb6 4.Nc3 Qxb2 5.Bd2 Qb6 6.e4 d6 7.f4
e6 8.Bc4 exd5 9.Nxd5 Nxd5 10.Bxd5 Be7 11.Nf3 Nc6 12.Bc3 O-O 13.O-O
Qd8 14.Rb1 Bf6 15.e5 dxe5 16.fxe5 Be7 17.a3 Qc7 18.Qd3 Be6 19.Bxe6
fxe6 20.Qc4 Qc8 21.Qg4 Kh8 22.Nd2 Qd7 23.Rfd1 b6 24.Ne4 Nd4 25.Bd2
Qc7 26.c3 Nc6 27.Qxe6 Nxe5 28.Be1 Rae8 29.Rd5 Bh4 30.Qh3 Qf7
31.Bxh4 Qxd5 32.Ng5 Qd3 33.Qxd3 Nxd3 34.Rd1 c4 35.Nf3 Re2 36.Nd4
Ra2 37.Nb5 a6 38.Nc7 Rf7 39.Nxa6 Rxa3 40.Nb4 Rxc3 41.Nd5 Rc1 0-1

[Event "VIII TchRUS W"]
[Site "Sochi"]
[Date "2007.05.10"]
[Round "10"]
[White "Gunina, Valentina"]
[Black "Matveeva, Svetlana"]
[Result "0-1"]
[WhiteElo "2308"]
[BlackElo "2406"]
[Annotator ""]
[Source ""]
[Remark ""]

1.c4 c5 2.Nc3 Nc6 3.Nf3 e5 4.e3 Nf6 5.d4 cxd4 6.exd4 e4 7.Ng5
Bb4 8.d5 Bxc3+ 9.bxc3 Na5 10.Ba3 d6 11.Qa4+ Bd7 12.Qb4 O-O 13.Qxd6
Re8 14.Be2 h6 15.h4 Rc8 16.c5 Bf5 17.Qf4 Qxd5 18.Bb4 Nc6 19.Rd1
Qe5 20.Nh3 Nd5 21.Qxe5 Rxe5 22.g4 Be6 23.Rb1 a5 24.Ba3 Nxc3 25.Rxb7
Nd4 26.Bd1 e3 27.f4 Re4 28.f5 Bd5 29.Rd7 Bc6 30.Rd6 Nxd1 31.Kxd1
e2+ 0-1

[Event "VIII TchRUS W"]
[Site "Sochi"]
[Date "2007.05.10"]
[Round "10"]
[White "Muzychuk, Anna"]
[Black "Cherenkova, Kristina"]
[Result "1-0"]
[WhiteElo "2474"]
[BlackElo "2249"]
[Annotator ""]
[Source ""]
[Remark ""]

1.e4 c5 2.Nf3 e6 3.d4 cxd4 4.Nxd4 Nc6 5.c4 Nf6 6.Nc3 Bb4 7.Nxc6
bxc6 8.Bd3 e5 9.O-O O-O 10.f4 d6 11.f5 d5 12.Qe2 Ba6 13.Bg5 dxc4
14.Bc2 Be7 15.Be3 Qa5 16.g4 Bc5 17.Kh1 Bxe3 18.Qxe3 Rfd8 19.g5
Nh5 20.g6 hxg6 21.fxg6 fxg6 22.Qg5 Rd6 23.Bd1 Nf6 24.Qxg6 Qc7
25.Qg5 Re8 26.Bh5 Nxh5 27.Qxh5 Qe7 28.Rg1 Qf7 29.Qg5 Rf6 30.Rae1
Bc8 31.Nd1 Rf3 32.Ne3 Bh3 33.Rg3 Rxg3 34.Qxg3 Bc8 35.Rf1 Qe7
36.Rf2 Qb4 37.Qg6 Rf8 38.Rxf8+ Qxf8 39.Kg2 Bd7 40.Qg5 c3 41.bxc3
Qc5 42.Qd8+ Kh7 43.Qxd7 Qxe3 44.Qh3+ Qh6 45.Kg3 Qxh3+ 46.Kxh3
Kh6 47.Kh4 Kg6 48.Kg4 Kf6 49.Kh5 g6+ 50.Kh6 Kf7 51.Kg5 Kg7 52.c4
Kf7 53.c5 Kg7 54.h4 Kf7 55.h5 gxh5 56.Kxh5 Kf6 57.Kh6 a6 58.a3
a5 59.a4 Kf7 60.Kg5 Kg7 61.Kf5 Kf7 62.Kxe5 Ke7 63.Kf5 Kf7 64.e5
Ke7 65.e6 Ke8 66.Ke4 Kf8 67.Kf4 1-0

[Event "VIII TchRUS W"]
[Site "Sochi"]
[Date "2007.05.10"]
[Round "10"]
[White "Ambartsumova, Karina"]
[Black "Pogonina, Natalija"]
[Result "0-1"]
[WhiteElo "2201"]
[BlackElo "2419"]
[Annotator ""]
[Source ""]
[Remark ""]

1.e4 c5 2.Nf3 d6 3.d4 cxd4 4.Nxd4 Nf6 5.Nc3 g6 6.f3 Bg7 7.Be3
O-O 8.Qd2 Nc6 9.g4 Nxd4 10.Bxd4 Be6 11.h4 Qa5 12.h5 Rfc8 13.a3
Rab8 14.Bd3 b5 15.hxg6 fxg6 16.b4 Qc7 17.Nxb5 Qd7 18.Nc3 Bf7
19.g5 Nh5 20.Bxg7 Kxg7 21.f4 Qg4 22.Ne2 e5 23.O-O-O Qe6 24.c4
Qe8 25.Qc3 Bxc4 26.Bxc4 Rxc4 27.Qxc4 Rc8 28.Qxc8 Qxc8+ 29.Kb2
Qg4 30.Nc3 Nxf4 31.Rh2 Qxg5 32.Rxd6 h5 33.Rd7+ Kh6 34.Nb5 Qg1
35.Rhd2 Qe3 36.Nxa7 Ne6 37.R2d3 Qxe4 38.Kc3 Nd4 39.b5 Qe2 40.Rd2
Qe3+ 41.Rd3 Qe2 42.Rd2 Qe1 43.b6 Qc1+ 44.Kd3 Qb1+ 45.Ke3 Qxb6
46.Ke4 Qf6 0-1

[Event "VIII TchRUS W"]
[Site "Sochi"]
[Date "2007.05.10"]
[Round "10"]
[White "Grabuzova, Tatiana"]
[Black "Cmilyte, Viktorija"]
[Result "1/2-1/2"]
[WhiteElo "2357"]
[BlackElo "2462"]
[Annotator ""]
[Source ""]
[Remark ""]

1.d4 Nf6 2.c4 e6 3.g3 d5 4.Bg2 dxc4 5.Nf3 Bb4+ 6.Bd2 a5 7.Qc2
Bxd2+ 8.Qxd2 Bd7 9.Ne5 Bc6 10.Nxc6 Nxc6 11.e3 Qd7 12.Na3 e5 13.dxe5
Qxd2+ 14.Kxd2 Nxe5 15.Ke2 O-O 16.Rac1 c6 17.Nxc4 Nxc4 18.Rxc4
Rfd8 19.Rd1 Rxd1 20.Kxd1 Nd7 21.Kd2 Kf8 22.Bh3 Nb6 23.Rd4 f6
24.a3 Nd5 25.Bg2 Ne7 26.Rd6 Ke8 27.Bh3 Rd8 28.Rxd8+ Kxd8 29.e4
Kc7 30.Kc3 Kd6 31.Kd4 g5 32.Bg4 c5+ 33.Kc4 Kc6 34.Bh5 b5+ 35.Kc3
Kd6 36.f4 gxf4 37.gxf4 Nc6 38.b3 h6 39.Be2 Nd4 40.Bg4 Nc6 41.a4
Nd4 42.h4 Kc6 43.Bh5 Kd6 44.Bg4 Kc6 45.h5 1/2-1/2

[Event "VIII TchRUS W"]
[Site "Sochi"]
[Date "2007.05.10"]
[Round "10"]
[White "Korbut, Ekaterina"]
[Black "Zdebskaja, Natalia"]
[Result "1-0"]
[WhiteElo "2429"]
[BlackElo "2335"]
[Annotator ""]
[Source ""]
[Remark ""]

1.e4 c6 2.d4 d5 3.e5 Bf5 4.Nd2 e6 5.Nb3 Nd7 6.Be3 Nb6 7.Nf3 Nc4
8.Bxc4 dxc4 9.Nbd2 Qd5 10.O-O O-O-O 11.c3 Bd3 12.Re1 b5 13.b3
Ba3 14.bxc4 Bxc4 15.Qc2 Nh6 16.Nxc4 Qxc4 17.Nd2 Qa4 18.Qxa4 bxa4
19.Bxh6 gxh6 20.Rab1 Be7 21.Rb2 Ba3 22.Rc2 Kc7 23.f4 Rb8 24.Nc4
Be7 25.f5 Rhd8 26.Rf1 c5 27.g3 Rd7 28.Kg2 Kd8 29.f6 Bf8 30.Kf3
cxd4 31.cxd4 Rb5 32.Ke4 Rbd5 33.Rd1 Bc5 34.Rcd2 Bb4 35.Rd3 Rc7
36.Ne3 Rdd7 37.d5 Ke8 38.dxe6 fxe6 39.Rxd7 Rxd7 40.Rxd7 Kxd7
41.g4 Ke8 42.Nc2 Bc5 43.Nd4 Kf7 44.h4 Bb4 45.Nc6 Be1 46.Nd8+
Ke8 47.Nxe6 Bxh4 48.Kf5 1-0

[Event "VIII TchRUS W"]
[Site "Sochi"]
[Date "2007.05.10"]
[Round "10"]
[White "Zakurdjaeva, Irina"]
[Black "Turova, Irina"]
[Result "0-1"]
[WhiteElo "2286"]
[BlackElo "2386"]
[Annotator ""]
[Source ""]
[Remark ""]

1.e4 e5 2.Nf3 Nf6 3.Nc3 Nc6 4.Bb5 Nd4 5.Nxd4 exd4 6.e5 dxc3 7.exf6
Qxf6 8.dxc3 Bc5 9.O-O O-O 10.Qh5 d6 11.Bd3 h6 12.Bd2 Bd7 13.b4
Bb6 14.a4 a5 15.Qd5 Bc6 16.Qc4 axb4 17.a5 bxc3 18.Bxc3 Qg5 19.g3
Qh5 20.Be4 Bb5 21.Qb4 Bxf1 22.Kxf1 d5 23.Bg2 Ba7 24.Qxb7 Qf5
25.Kg1 Qxf2+ 26.Kh1 Qxc2 27.Be5 c6 28.Rf1 f6 29.Bf4 Rfe8 30.Rc1
Qf2 31.h4 Re2 32.Bxd5+ cxd5 33.Qxd5+ Kh7 0-1

[Event "VIII TchRUS W"]
[Site "Sochi"]
[Date "2007.05.10"]
[Round "10"]
[White "Sudakova, Irina"]
[Black "Kostiuk, Tatiana"]
[Result "1-0"]
[WhiteElo "2371"]
[BlackElo "2232"]
[Annotator ""]
[Source ""]
[Remark ""]

1.e4 e5 2.Nf3 Nc6 3.Bb5 a6 4.Ba4 Nf6 5.O-O b5 6.Bb3 Be7 7.Re1
O-O 8.c3 d6 9.h3 Nb8 10.d4 Nbd7 11.Nbd2 Bb7 12.Bc2 Re8 13.Nf1
Bf8 14.Ng3 g6 15.a4 Bg7 16.Bd3 c6 17.Bg5 h6 18.Be3 d5 19.dxe5
Nxe4 20.Bxe4 dxe4 21.Nxe4 Nxe5 22.Nxe5 Rxe5 23.Nc5 Rd5 24.Qb3
Bc8 25.Rad1 Be6 26.Nxe6 fxe6 27.Bd4 Qd6 28.Bxg7 Kxg7 29.c4 Rxd1
30.Rxd1 Qe5 31.cxb5 axb5 32.Rd7+ Kg8 33.Qb4 Rf8 34.a5 c5 35.Qd2
Rf7 36.a6 Rxd7 37.Qxd7 Qe1+ 38.Kh2 Qe5+ 39.g3 Qxb2 40.Qxe6+ Kg7
41.Qe7+ Kg8 42.Qxc5 1-0

[Event "VIII TchRUS W"]
[Site "Sochi"]
[Date "2007.05.10"]
[Round "10"]
[White "Lahno, Kateryna"]
[Black "Paehtz, Elisabeth"]
[Result "1-0"]
[WhiteElo "2468"]
[BlackElo "2438"]
[Annotator ""]
[Source ""]
[Remark ""]

1.e4 c5 2.Nf3 d6 3.d4 cxd4 4.Nxd4 Nf6 5.Nc3 a6 6.Be2 e5 7.Nb3
Be7 8.O-O O-O 9.Re1 Nbd7 10.a4 b6 11.Bc4 h6 12.Nd2 Bb7 13.Nf1
Rc8 14.Ne3 Nxe4 15.Nxe4 Bxe4 16.Bxa6 Ra8 17.Be2 Nc5 18.b3 Ne6
19.Bb2 Qb8 20.Bf3 Bxf3 21.Qxf3 Bg5 22.Nf5 g6 23.h4 gxf5 24.hxg5
Nxg5 25.Qxf5 Qc8 26.Qd3 Qg4 27.Re3 Rad8 28.Rf1 e4 29.Qd4 f6 30.Rg3
Qc8 31.Qxe4 1-0

[Event "VIII TchRUS W"]
[Site "Sochi"]
[Date "2007.05.10"]
[Round "10"]
[White "Zhao, Xue"]
[Black "Hou, Yifan"]
[Result "1-0"]
[WhiteElo "2467"]
[BlackElo "2513"]
[Annotator ""]
[Source ""]
[Remark ""]

1.d4 Nf6 2.c4 e6 3.Nc3 Bb4 4.Nf3 b6 5.Qc2 Bb7 6.a3 Bxc3+ 7.Qxc3
O-O 8.e3 d6 9.Be2 Ne4 10.Qc2 Nd7 11.O-O f5 12.b4 Rf6 13.d5 c5
14.Bb2 Rg6 15.Nd2 exd5 16.Nxe4 dxe4 17.f4 Qh4 18.Rf2 Re6 19.Rd1
Rd8 20.g3 Qe7 21.Rg2 Nf8 22.Rd2 Rg6 23.h4 Nd7 24.h5 Rh6 25.g4
fxg4 26.Rxg4 Nf6 27.Rg5 Rd7 28.Bd1 Qf8 29.Qc3 Rc7 30.Rdg2 Bc6
31.Bg4 Bd7 32.Be2 Be8 33.Qe1 Re7 34.Qh4 Bd7 35.R5g3 Kh8 36.Qg5
Rf7 37.b5 Be6 38.Qh4 Bd7 39.Rg5 Re7 40.Qe1 Be8 41.a4 Rf7 42.a5
Qe7 43.Bc3 bxa5 44.Qa1 Qd8 45.Bxa5 Qb8 46.Kf2 Qc8 47.Bc3 Qd8
48.Qh1 Qe7 49.Qh4 Qf8 50.Rg1 Bd7 51.R5g2 Be8 52.Qg5 Bd7 53.Ke1
Bh3 54.Rg3 Bd7 55.Kd2 Be8 56.Kc2 Bd7 57.R1g2 Be8 58.f5 Bd7 59.Qf4
Be8 60.Rxg7 Rxg7 61.Qxh6 Rf7 62.Qxf8+ Rxf8 63.h6 Bd7 64.Rg7 Bxf5
65.Rxa7 Kg8 66.Rg7+ Kh8 67.Rg2 1-0

[Event "VIII TchRUS W"]
[Site "Sochi"]
[Date "2007.05.10"]
[Round "10"]
[White "Vasilevich, Irina"]
[Black "Kovalevskaya, Ekaterina"]
[Result "0-1"]
[WhiteElo "2380"]
[BlackElo "2432"]
[Annotator ""]
[Source ""]
[Remark ""]

1.e4 c5 2.Nf3 Nc6 3.Bb5 g6 4.Bxc6 bxc6 5.d3 Bg7 6.Nc3 Rb8 7.O-O
d6 8.h3 e5 9.Nh2 Be6 10.b3 Ne7 11.Qe1 f5 12.f4 exf4 13.Bxf4 O-O
14.Nf3 Qd7 15.e5 Nd5 16.Nxd5 Bxd5 17.d4 Rbe8 18.Qd1 cxd4 19.exd6
c5 20.Qd3 Re4 21.Nd2 Rxf4 22.Rxf4 Qxd6 23.Rff1 Qc6 24.Qg3 d3
25.Rac1 Bd4+ 26.Kh1 Re8 27.Nf3 Bxf3 28.Rxf3 Bb2 29.Rcf1 dxc2
30.Qg5 Qd5 31.R3f2 Qd1 32.Qf4 c1Q 33.Rxd1 Qxd1+ 34.Rf1 Qd4 0-1

[Event "VIII TchRUS W"]
[Site "Sochi"]
[Date "2007.05.10"]
[Round "10"]
[White "Kochetkova, Julia"]
[Black "Kovanova, Baira"]
[Result "1/2-1/2"]
[WhiteElo "2320"]
[BlackElo "2331"]
[Annotator ""]
[Source ""]
[Remark ""]

1.e4 e5 2.Nf3 Nc6 3.Bb5 a6 4.Ba4 Nf6 5.O-O Be7 6.Re1 b5 7.Bb3
d6 8.c3 O-O 9.h3 Na5 10.Bc2 c5 11.d4 Qc7 12.d5 Bd7 13.b3 Rfe8
14.Nbd2 g6 15.Nf1 Bf8 16.Ng3 Bg7 17.Be3 Nb7 18.Qe2 Rec8 19.c4
Rcb8 20.Nd2 Na5 21.Qf1 bxc4 22.bxc4 Be8 23.Bg5 Rb4 24.Qd3 Rab8
25.Rac1 Nd7 26.h4 h6 27.Be3 Nb6 28.Bb3 Ba4 29.h5 Bxb3 30.axb3
Nd7 31.hxg6 fxg6 32.Rc3 Qb6 33.Rb1 Rf8 34.Qc2 Nf6 35.Qa2 Nb7
36.Ne2 a5 37.Nc1 Qd8 38.f3 Nh5 39.Nf1 Nf4 40.Qf2 a4 41.Ra1 Qg5
42.Kh1 Ra8 43.Rc2 Ra5 44.Rxa4 Raxa4 45.bxa4 Rxa4 46.Bd2 Ra1 47.Ra2
Rb1 48.Ra3 Nd8 49.g3 Nh3 50.Qh2 Qh5 51.Kg2 Ng5 52.Qxh5 gxh5 53.Rb3
Ra1 54.Ne3 Ngf7 55.Kf2 Bf6 56.Nf5 Bg5 57.Bxg5 hxg5 58.Nd3 Ra2+
59.Rb2 Ra4 60.Ne3 Kf8 61.Nc1 Ke7 62.Ra2 Rb4 63.Ke2 Kf6 64.Nd3
Rb6 65.Ra7 Nb7 66.Ra8 Rb1 67.Nf5 g4 68.fxg4 hxg4 69.Nf2 Rb2+
70.Ke3 Rb3+ 71.Ke2 Rb2+ 72.Ke3 Rb3+ 1/2-1/2